000 00612nam a22001577a 4500
003 OSt
005 20150926105503.0
008 150926b xxu||||| |||| 00| 0 eng d
040 _cRUA
082 _aAGR ORM 2011 B049 Or.1
100 _91373
_aORM, SOKHOM.
245 _aEffect of potassium fertilizer on starch cotent of different cassava varieties, ប្រសិទ្ធភាពជីប៉ូតាស្យូមទៅលើបរិមាណម្សៅ នៃដំឡូងមីពូជខុសគ្នា
260 _aPhnom Penh
_bRUA
_c2011
300 _aix; 44p.
_bill.
_c29cm.
942 _2ddc
_cAGR
999 _c1290
_d1290